000 00396nam a2200169Ia 4500
001 17248
003 IN-NITTTR
005 20251114233203.0
008 251113s9999||||xx |||||||||||||| ||eng||
040 _beng
040 _cIN-NITTTR
041 _aeng
082 _a613.7 M48S
100 _aMelleby, Alexander
245 0 _aSix weeks to a healthy back /
_cMelleby, Alexander
942 _2ddc
_cBK
999 _c19882
_d19882